Программа повышения конкурентоспособности Национального исследовательского Томского политехнического университета среди ведущих мировых научно-образовательных центров; Проблемы геологии и освоения недр; Т. 2
| Parent link: | Проблемы геологии и освоения недр: труды XIX Международного симпозиума имени академика М. А. Усова студентов и молодых ученых, посвященного 70-летнему юбилею Победы советского народа над фашистской Германией, Томск, 6-10 апреля 2015 г./ Национальный исследовательский Томский политехнический университет (ТПУ), Институт природных ресурсов (ИПР) ; Общество инженеров-нефтяников, международная некоммерческая организация, Студенческий чаптер ; под ред. А. Ю. Дмитриева.— , 2015 Т. 2.— [С. 28-37] |
|---|---|
| Tác giả chính: | |
| Nhiều tác giả của công ty: | , |
| Tóm tắt: | Заглавие с экрана |
| Ngôn ngữ: | Tiếng Nga |
| Được phát hành: |
|
| Loạt: | Пленарные доклады |
| Những chủ đề: | |
| Truy cập trực tuyến: | http://earchive.tpu.ru/handle/11683/22741 http://www.lib.tpu.ru/fulltext/c/2015/C11/V2/001.pdf |
| Định dạng: | MixedMaterials Điện tử Chương của sách |
| KOHA link: | https://koha.lib.tpu.ru/cgi-bin/koha/opac-detail.pl?biblionumber=615374 |
MARC
| LEADER | 00000naa2a2200000 4500 | ||
|---|---|---|---|
| 001 | 615374 | ||
| 005 | 20231101132845.0 | ||
| 035 | |a (RuTPU)RU\TPU\conf\13573 | ||
| 035 | |a RU\TPU\conf\13041 | ||
| 090 | |a 615374 | ||
| 100 | |a 20151106d2015 k y0rusy50 ca | ||
| 101 | 0 | |a rus | |
| 102 | |a RU | ||
| 105 | |a y z 100zy | ||
| 135 | |a drcn ---uucaa | ||
| 181 | 0 | |a i | |
| 182 | 0 | |a b | |
| 200 | 1 | |a Программа повышения конкурентоспособности Национального исследовательского Томского политехнического университета среди ведущих мировых научно-образовательных центров |f П. С. Чубик | |
| 203 | |a Текст |c электронный | ||
| 225 | 1 | |a Пленарные доклады | |
| 230 | |a 1 компьютерный файл (pdf; 1.1 Mb) | ||
| 300 | |a Заглавие с экрана | ||
| 337 | |a Adobe Reader | ||
| 461 | 1 | |0 (RuTPU)RU\TPU\conf\12865 |t Проблемы геологии и освоения недр |o труды XIX Международного симпозиума имени академика М. А. Усова студентов и молодых ученых, посвященного 70-летнему юбилею Победы советского народа над фашистской Германией, Томск, 6-10 апреля 2015 г. |o в 2 т. |f Национальный исследовательский Томский политехнический университет (ТПУ), Институт природных ресурсов (ИПР) ; Общество инженеров-нефтяников, международная некоммерческая организация, Студенческий чаптер ; под ред. А. Ю. Дмитриева |d 2015 | |
| 463 | 1 | |0 (RuTPU)RU\TPU\conf\13350 |t Т. 2 |v [С. 28-37] | |
| 601 | 0 | 2 | |a Национальный исследовательский Томский политехнический университет (ТПУ) |c (2009- ) |2 stltpush |3 (RuTPU)RU\TPU\col\15902 |
| 610 | 1 | |a труды учёных ТПУ | |
| 610 | 1 | |a электронный ресурс | |
| 610 | 1 | |a конкурентоспособность | |
| 610 | 1 | |a научно-образовательные центры | |
| 610 | 1 | |a магистерские программы | |
| 610 | 1 | |a бакалавриат | |
| 610 | 1 | |a оптимизация | |
| 610 | 1 | |a образовательные программы | |
| 610 | 1 | |a электронная среда | |
| 610 | 1 | |a мобильность | |
| 610 | 1 | |a информационные ресурсы | |
| 610 | 1 | |a научно-исследовательская деятельность | |
| 610 | 1 | |a ресурсоэффективные технологии | |
| 610 | 1 | |a мегапроекты | |
| 610 | 1 | |a инвестиционная привлекательность | |
| 610 | 1 | |a системы управления | |
| 610 | 1 | |a качество жизни | |
| 700 | 1 | |a Чубик |b П. С. |c российский геолог |c профессор, ректор Томского политехнического университета (с 2008 г.) |f 1954- |g Петр Савельевич |2 stltpush |3 (RuTPU)RU\TPU\pers\24546 | |
| 712 | 0 | 2 | |a Национальный исследовательский Томский политехнический университет (ТПУ) |b Институт природных ресурсов (ИПР) |b Кафедра бурения скважин (БС) |h 256 |2 stltpush |3 (RuTPU)RU\TPU\col\18666 |
| 712 | 0 | 2 | |a Национальный исследовательский Томский политехнический университет (ТПУ) |b Институт социально-гуманитарных технологий (ИСГТ) |b Кафедра организации и технологии высшего профессионального образования (ОТВПО) |h 5535 |2 stltpush |3 (RuTPU)RU\TPU\col\19273 |
| 801 | 2 | |a RU |b 63413507 |c 20210118 |g RCR | |
| 856 | 4 | |u http://earchive.tpu.ru/handle/11683/22741 | |
| 856 | 4 | |u http://www.lib.tpu.ru/fulltext/c/2015/C11/V2/001.pdf | |
| 942 | |c BK | ||